000 00701nam a2200229 i 4500
001 78921
003 ES-MaACL
005 20230906173844.0
007 t|
008 041018s1974 sp ||||1| spa d
100 1 _aHazlitt, Henry (
_d1894-1993)
_962231
245 1 3 _aLa conquista de la pobreza /
_cHenry Hazlitt ; [traducción de Luis Vadillo y César A. Gómez].
260 _a[Madrid] :
_bUnion Editorial,
_c[1974]
300 _a256 p. ;
_c21 cm.
490 1 _aLibertad ;
_v7
650 4 _aPobreza.
_916143
700 1 _aVadillo, Luis.
_9112388
700 1 _aGómez, César A.
_957752
830 0 _aLibertad ;
_v7
_9231412
852 _aES-MaACL
_jE-9531
_bR.93916
999 _c78921
_d78921